Home and the World: (Record no. 199366)

MARC details
000 -LEADER
fixed length control field 00563nam a22001937a 4500
005 - DATE AND TIME OF LATEST TRANSACTION
control field 20231201120340.0
010 ## - LCCN (DPL NO)
LC control number ENG-138514
020 ## - INTERNATIONAL STANDARD BOOK NUMBER
International Standard Book Number 9788170264958
Terms of availability 495.00
035 ## - SYSTEM CONTROL NUMBER
System control number EN-122046
037 ## - SOURCE OF ACQUISITION
Source of stock number/acquisition DBAD/PUB
082 ## - DEWEY DECIMAL CLASSIFICATION NUMBER
Classification number S
Edition number 1
100 ## - MAIN ENTRY--PERSONAL NAME
Personal name Aithal, Saligrama K
245 ## - TITLE STATEMENT
Title Home and the World:
Remainder of title A Collection of Short Stories/
Statement of responsibility, etc By Saligrama K Aithal
250 ## - EDITION STATEMENT
Edition statement 1
260 ## - PUBLICATION, DISTRIBUTION, ETC. (IMPRINT)
Place of publication, distribution, etc New Delhi
Name of publisher, distributor, etc Heritage Publishers
Date of publication, distribution, etc 2022
270 ## - ADDRESS
City New Delhi
Address 19-A Ansari Road, Darya Ganj
Postal code 110002
300 ## - PHYSICAL DESCRIPTION
Extent 118p.
Dimensions 22cm(hbk)
942 ## - ADDED ENTRY ELEMENTS (KOHA)
Source of classification or shelving scheme Dewey Decimal Classification
Item type English Books
Classification part S
Call number suffix AIT
Edition 1
Holdings
Withdrawn status Lost status Not for loan Collection code Home library Current library Date acquired Source of acquisition Cost, normal purchase price Full call number Barcode Copy number Cost, replacement price Koha item type
      Non-fiction Vinoba Puri Vinoba Puri 01/12/2023 DBAD/PUB 495.00 S AIT EN-122046 1 495.00 English Books

© Delhi Public Library
Hit Counter
free hit counter